|
|
|
|
| LEADER |
00944nam a2200325 4500 |
| 001 |
DLU120137032 |
| 005 |
##20120626 |
| 040 |
# |
# |
|a DLU
|b vie
|
| 041 |
# |
# |
|a vie
|
| 044 |
# |
# |
|a vn
|
| 082 |
# |
# |
|a 340.1
|b Gia
|
| 245 |
# |
# |
|a Giáo trình lịch sử nhà nước và pháp luật Việt Nam /
|c Lê Minh Tâm, Vũ Thị Nga chủ biên, ... [et al].
|
| 260 |
# |
# |
|a H. :
|b Công an Nhân dân,
|c 2004.
|
| 300 |
# |
# |
|a 575 tr. ;
|c 22 cm.
|
| 650 |
# |
# |
|a Luật
|z Việt Nam
|x Lịch sử
|v Giáo trình.
|
| 651 |
# |
# |
|a Việt Nam
|x Chính trị và chính quyền
|v Giáo trình.
|
| 700 |
# |
# |
|a Hà Lan Phương.
|
| 700 |
# |
# |
|a Lê Minh Tâm,
|e chủ biên.
|
| 700 |
# |
# |
|a Phạm Điềm.
|
| 700 |
# |
# |
|a Vũ Thị Nga,
|e chủ biên.
|
| 923 |
# |
# |
|a 01/2012LH
|
| 992 |
# |
# |
|a 50000
|
| 994 |
# |
# |
|a KLH
|
| 900 |
# |
# |
|a True
|
| 911 |
# |
# |
|a Đào Thị Thu Huyền
|
| 925 |
# |
# |
|a G
|
| 926 |
# |
# |
|a A
|
| 927 |
# |
# |
|a SH
|
| 980 |
# |
# |
|a Thư viện Trường Đại học Đà Lạt
|